F1 - Tous les pilotes vainqueurs avec Red Bull - Statistiques

Statistiques générales
  • Ce quiz a été pris 119 fois
  • Le résultat moyen est 5 sur 5
Statistiques - réponses
Années chez Red Bull Nationalités Victoires Pilotes % Correct
2016- Pays-Bas 71 Max Verstappen
100%
2021-2024 Mexique 5 Sergio Pérez
98%
2009-2014 Allemagne 38 Sebastian Vettel
97%
2014-2018 Australie 7 Daniel Ricciardo
96%
2007-2013 Australie 9 Mark Webber
91%
Aucun quiz correspondant
Distribution des résultats
% des personnes avec chaque résultat
Percentile par nombre de réponses
Votre historique - résultats
Vous n’avez pas pris ce quiz